000 00728nam a22002297a 4500
005 20150220114421.0
008 140714b xxu||||| |||| 00| 0 Urdu d
010 _aUR-8646
020 q _c125..00
020 _c8182282229
035 _aU-7201
037 _bDBAD/Pub.
040 _aDPL
_bUrdu
082 _a841
100 _aکے۔ کےنند ہ ا شک
245 _aخا مو شيا ن :غز ليا ت
_cکے۔ کےنند ہ ا شک
246 _aKhamoshian (Ghazliyat)
_bBy k.k.Nanda Ashk
260 _aد ھلی
_bEducational Publishing House
_c2013
270 _a3108,Vakeel Street,Kucha Pandit,Lal Kuan
_b.Delhi
_e110006
300 _a124ص
_c22Cm (Hb)
942 _2ddc
_cUR
_e
_h841
_mن ن د
999 _c91661
_d91661